Chemistry I P U C Text Book (Record no. 240142)

MARC details
000 -LEADER
fixed length control field 00362nam a2200133Ia 4500
005 - DATE AND TIME OF LATEST TRANSACTION
control field 20250729165807.0
008 - FIXED-LENGTH DATA ELEMENTS--GENERAL INFORMATION
fixed length control field 250729s2013 xx 000 0 und d
041 ## - LANGUAGE CODE
Language code of text/sound track or separate title eng
082 ## - DEWEY DECIMAL CLASSIFICATION NUMBER
Classification number 540.25 SHEC
100 ## - MAIN ENTRY--PERSONAL NAME
Personal name Shetty Adithya namada
9 (RLIN) 233159
245 ## - TITLE STATEMENT
Title Chemistry I P U C Text Book
260 ## - PUBLICATION, DISTRIBUTION, ETC.
Place of publication, distribution, etc. Mangalore
Name of publisher, distributor, etc. Boscoss Publication
Date of publication, distribution, etc. 2013
650 ## - SUBJECT ADDED ENTRY--TOPICAL TERM
Topical term or geographic name entry element Science
9 (RLIN) 233160
Holdings
Withdrawn status Lost status Damaged status Not for loan Home library Current library Date acquired Source of acquisition Total Checkouts Full call number Barcode Date last seen Price effective from Koha item type
        St Aloysius Library St Aloysius Library 07/29/2025 Management Book   540.25 SHEC BED05461 07/29/2025 07/29/2025 Book